| 000 | 00964nas a2200313 4500 | ||
|---|---|---|---|
| 001 | BR2013000003 | ||
| 003 | BR-BrBNA | ||
| 005 | 20231205121728.0 | ||
| 007 | ta | ||
| 008 | 230509b bl.|||p| |||| 00| 00por d | ||
| 040 |
_aBR-BrBNA _bpor _cBiblioteca Nacional de Agricultura |
||
| 041 | _a(En) | ||
| 072 | _aL70; L74 | ||
| 100 | 1 | _aEleotério, R.B. | |
| 100 | 1 | _aBorges, A.P.B. | |
| 100 | 1 | _aPontes, K.C. de S. | |
| 100 | 1 | _aFernandes, N.A. | |
| 100 | 1 | _aSoares, P.F. | |
| 100 | 1 | _aSIlva, M.B. | |
| 100 | 1 | _aMartins, N.J.S. | |
| 100 | 1 | _aMachado, J.P. | |
| 245 | 1 | _aGlucosamine and chondroitin sulfate in the repair of osteochondral defects in dogs - clinical-radiographic analysis | |
| 650 | _aCÃO | ||
| 650 | _aVETERINÁRIA | ||
| 650 | _aDISTÚRBIO FISIOLÓGICO | ||
| 773 | 0 |
_tRevista Ceres (Brazil) _xISSN 0034-737X _g(Sep-Oct 2012), v. 59(5) p. 587-596 _wBR2013000003 |
|
| 909 |
_a202311 _bLúcia _c55 _dLúcia Elande |
||
| 942 |
_2AGRIS _n0 _cANA |
||
| 999 |
_c224938 _d224938 |
||